000 00332nam a2200145Ia 4500
008 230718s9999 xx 000 0 und d
041 _aEng.
082 _a343.54
_bHAN-D
100 _aHand Book/Pakistan
245 0 _adrawing distributing
260 _aPakistan
_bbooks pub
_c2000
300 _a526
650 _aLaw
999 _c30379
_d30379